000 00738nam a2200205 4500
003 CO-ViMGA
020 _a9789584268754
040 _aCO-ViMGA
_bspa
_cCO-ViMGA
082 0 4 _a986.1
_bC11h
100 1 _aCaballero, Antonio
_913472
245 1 0 _aHistoria de Colombia
_by sus oligarquías
_cAntonio Caballero
260 _aBogotá :
_bCrítica
300 _a424 páginas ;
_bilustraciones en color ; 23 cm.
500 _aRecomendado para público adulto \ Incluye datos biográficos del autor al final del texto
650 1 4 _aFamilias Colombianas - Historia - Ensayos
_913473
650 1 4 _aPartidos Politicos - Colombia
_913474
650 1 4 _aViolencia - Historia - Colombia
_913475
700 1 _aCaballero, Antonio
_913472
942 _2ddc
_cBK
999 _c9421
_d9421